| 000 | 00000nas 2200000zi 4500 |
| 001 | 9.924596 |
| 003 | CaOODSP |
| 005 | 20230704152452 |
| 006 | m o d f |
| 007 | cr cn||||||||| |
| 008 | 230629c20229999onc x m o||||f0 |0eng|d |
| 040 | |aCaOODSP|beng|erda|cCaOODSP |
| 043 | |an-cn--- |
| 086 | 1 |aYC33-0E-PDF |
| 110 | 1 |aCanada. |bParliament. |bSenate. |bStanding Committee on National Security, Defence and Veterans Affairs, |eauthor, |eissuing body. |
| 245 | 10|aReport of the Standing Senate Committee on National Security, Defence and Veterans Affairs. |
| 264 | 1|aOttawa, Ontario, Canada : |bSenate, |c2022- |
| 310 | |aIrregular |
| 336 | |atext|btxt|2rdacontent |
| 337 | |acomputer|bc|2rdamedia |
| 338 | |aonline resource|bcr|2rdacarrier |
| 362 | 1 |aBegan with : 44th Parliament, 1st session, sixth report. |
| 500 | |aScope: major legislative and special study reports of the committee. |
| 500 | |aIssued also in French under title : Rapport du Comité sénatorial permanent de la sécurité nationale, défense et anciens combattants. |
| 500 | |aAs of July 31, 2022, the Senate Committee on National Security and Defence will continue as the Senate Committee on National Security, Defence and Veterans Affairs. |
| 775 | 08|tRapport du Comité sénatorial permanent de la sécurité nationale, défense et anciens combattants. |w(CaOODSP)9.924595 |
| 780 | 00|tReport of the Standing Senate Committee on National Security and Defence |w(CaOODSP)9.505249 |